[Event "Satka Autumn op (Women)"]
[Site "Satka"]
[Date "2014.09.22"]
[Round "2"]
[White "Kostitsina, Liubov"]
[Black "Goryachkina, Aleksandra"]
[Result "0-1"]
[WhiteElo "2047"]
[BlackElo "2430"]
[PlyCount "84"]
[EventDate "2014.09.21"]
[EventType "swiss"]
[EventRounds "9"]
[EventCountry "RUS"]
[SourceTitle "CBM 162 Extra"]
[Source "ChessBase"]
[SourceDate "2014.10.17"]
[SourceVersion "1"]
[SourceVersionDate "2014.10.17"]
[SourceQuality "1"]

1. e4 e5 2. Nf3 Nc6 3. Bb5 Nf6 4. d3 Bc5 5. c3 0-0 6. 0-0 d6 7. Nbd2 Bd7 8. Ba4 a6 9. Re1 Ne7 10. Bc2 Ng6 11. d4 Ba7 12. Nf1 Bg4 13. Be3 Nh4 14. N1d2 Qc8 15. Bg5 Nxf3+ 16. Nxf3 Nd7 17. Be3 exd4 18. cxd4 c5 19. Rc1 cxd4 20. Bxd4 Bxf3 21. gxf3 Bxd4 22. Qxd4 Ne5 23. Kg2 Qe6 24. Qe3 Ng6 25. Bb3 Qf6 26. Kh1 Rac8 27. Bd5 b5 28. b3 Rce8 29. Rg1 Re5 30. Rg4 h5 31. Rg3 Nf4 32. Bb7 a5 33. a4 bxa4 34. bxa4 Rb8 35. Qa7 Rd8 36. Ba6 h4 37. Rg4 Nd3 38. Qe3 Nxc1 39. Rf4 Qg5 40. Qxc1 Rc5 41. Qd2 Rb8 42. Bb5 h3 0-1

[Event "RUS-chT U20"]
[Site "Kolomna"]
[Date "2014.08.08"]
[Round "7"]
[White "Kostitsina, Liubov"]
[Black "Bivol, Alina"]
[Result "1-0"]
[WhiteElo "2085"]
[BlackElo "2228"]
[PlyCount "61"]
[EventDate "2014.08.02"]
[EventType "swiss"]
[EventRounds "9"]
[EventCountry "RUS"]
[SourceTitle "EXT 2016"]
[Source "ChessBase"]
[SourceDate "2015.10.08"]
[SourceVersion "1"]
[SourceVersionDate "2015.10.08"]
[SourceQuality "1"]

1. e4 d6 2. d4 g6 3. Nc3 Nf6 4. f3 Bg7 5. Be3 a6 6. Qd2 b5 7. Bh6 0-0 8. h4 c5 9. Nge2 Nc6 10. Bxg7 Kxg7 11. h5 b4 12. Nd5 Ng8 13. g4 e6 14. Ne3 Bb7 15. 0-0-0 a5 16. d5 Ne5 17. Ng1 exd5 18. exd5 Re8 19. f4 Nd7 20. hxg6 hxg6 21. Nf3 Ndf6 22. Ng5 Qe7 23. Rh3 a4 24. Bd3 Kf8 25. Bxg6 fxg6 26. Ne6+ Kf7 27. g5 Bxd5 28. gxf6 Qxe6 29. Rh7+ Kf8 30. Nxd5 Nxf6 31. f5 1-0

[Event "Izhevsk Corporation Cup 6th"]
[Site "Izhevsk"]
[Date "2014.07.12"]
[Round "1"]
[White "Zakhartsov, Vladimir"]
[Black "Kostitsina, Liubov"]
[Result "1-0"]
[WhiteElo "2391"]
[BlackElo "2085"]
[PlyCount "77"]
[EventDate "2014.07.12"]
[EventType "swiss"]
[EventRounds "9"]
[EventCountry "RUS"]
[SourceTitle "CBM 161 Extra"]
[Source "ChessBase"]
[SourceDate "2014.08.29"]
[SourceVersion "1"]
[SourceVersionDate "2014.08.29"]
[SourceQuality "1"]

1. e4 c5 2. Nf3 e6 3. d4 cxd4 4. Nxd4 a6 5. Bd3 Bc5 6. Nb3 Be7 7. 0-0 d6 8. Qe2 Nf6 9. c4 Qc7 10. Nc3 Nbd7 11. f4 0-0 12. Bd2 b6 13. Rae1 g6 14. Rf3 Bb7 15. Rh3 Ne8 16. e5 Ng7 17. Qe3 f5 18. exf6 Nxf6 19. f5 Ng4 20. Qe2 gxf5 21. Bxf5 Rxf5 22. Qxg4 Rf6 23. Rh6 Kh8 24. Ne4 Rxh6 25. Bxh6 Nf5 26. Bd2 Rf8 27. Ng3 Nxg3 28. Qxe6 Bf6 29. hxg3 Qc6 30. Qe2 Bg7 31. Bf4 a5 32. Nd2 Bd4+ 33. Kh2 Bg7 34. Nf3 Qc5 35. Ng5 Qf5 36. Qe7 Bc6 37. Qxd6 Rf6 38. Qd8+ Bf8 39. Be5 1-0

[Event "RUS-ch Higher League (Women) 64th"]
[Site "Vladivostok"]
[Date "2014.06.12"]
[Round "8"]
[White "Kostitsina, Liubov"]
[Black "Solovyova, Anastasia"]
[Result "1-0"]
[WhiteElo "2101"]
[BlackElo "1878"]
[PlyCount "107"]
[EventDate "2014.06.04"]
[EventType "swiss"]
[EventRounds "9"]
[EventCountry "RUS"]
[SourceTitle "CBM 160 Extra"]
[Source "ChessBase"]
[SourceDate "2014.07.01"]
[SourceVersion "1"]
[SourceVersionDate "2014.07.01"]
[SourceQuality "1"]

1. e4 e6 2. d4 d5 3. Nc3 Nf6 4. e5 Nfd7 5. Nf3 c5 6. dxc5 Bxc5 7. Bd3 Nc6 8. Bf4 0-0 9. Bxh7+ Kxh7 10. Ng5+ Kg6 11. Qd3+ f5 12. Qg3 Qe7 13. h4 Ndxe5 14. h5+ Kf6 15. Nh7+ Kf7 16. Nxf8 Ng4 17. Ng6 Qf6 18. Rf1 e5 19. Bd2 Be6 20. 0-0-0 a6 21. Rde1 f4 22. Qf3 Nd4 23. Qd1 Nc6 24. Nxd5 Bxd5 25. Qxg4 Rd8 26. Bc3 Be6 27. Qe2 Bd4 28. Nxe5+ Bxe5 29. Bxe5 Qh6 30. Qf3 Bd5 31. Qxf4+ Qxf4+ 32. Bxf4 Bxg2 33. Rg1 Bf3 34. h6 gxh6 35. Bxh6 Nd4 36. Kb1 Rd6 37. Rg7+ Kf6 38. Rg3 Bh5 39. Bg7+ Kf7 40. Bxd4 Rxd4 41. Reg1 b5 42. Rg5 Be2 43. b3 Rf4 44. Rg7+ Kf8 45. Rg8+ Ke7 46. R1g7+ Kd6 47. Rg6+ Kc5 48. Rc8+ Kd5 49. Rxa6 Rxf2 50. b4 Bc4 51. Rc5+ Kd4 52. Kb2 Rg2 53. Rd6+ Ke4 54. a4 1-0

[Event "RUS-ch Higher League (Women) 64th"]
[Site "Vladivostok"]
[Date "2014.06.05"]
[Round "2"]
[White "Khlichkova, Tatiana"]
[Black "Kostitsina, Liubov"]
[Result "1-0"]
[WhiteElo "2249"]
[BlackElo "2101"]
[PlyCount "107"]
[EventDate "2014.06.04"]
[EventType "swiss"]
[EventRounds "9"]
[EventCountry "RUS"]
[SourceTitle "CBM 160 Extra"]
[Source "ChessBase"]
[SourceDate "2014.07.01"]
[SourceVersion "1"]
[SourceVersionDate "2014.07.01"]
[SourceQuality "1"]

1. d4 d5 2. c4 c6 3. Nf3 Nf6 4. e3 Bg4 5. Qb3 Qb6 6. Ne5 Bf5 7. Nc3 e6 8. c5 Qc7 9. Qa3 Nbd7 10. f4 Be7 11. b4 Ne4 12. Nxd7 Qxd7 13. Be2 0-0 14. 0-0 f6 15. Qb2 b6 16. Ba6 bxc5 17. Nxe4 Bxe4 18. bxc5 Rab8 19. Qc3 Bd8 20. Bb2 Qc7 21. Qc1 Qa5 22. Be2 Qa4 23. Bc3 Ba5 24. Bd1 Qb5 25. a4 Qa6 26. Bxa5 Qxa5 27. Bc2 Bxc2 28. Qxc2 Rf7 29. Rab1 Rfb7 30. Rxb7 Rxb7 31. f5 e5 32. dxe5 fxe5 33. e4 Qb4 34. exd5 Qd4+ 35. Kh1 cxd5 36. c6 Rc7 37. Qb3 Kf7 38. Rd1 Qc4 39. Qg3 Qf4 40. Qd3 Qc4 41. Qf3 Qe4 42. Qh5+ Kf8 43. Qg5 Ke8 44. f6 g6 45. Rf1 Qe2 46. Rb1 Kf7 47. h3 Qc2 48. Rb8 Qxc6 49. Qxe5 g5 50. Rh8 Qc2 51. Qxd5+ Kxf6 52. Rf8+ Kg7 53. Qg8+ Kh6 54. Rf6+ 1-0

[Event "Volga Region-ch (Women) 12th"]
[Site "Togliatti"]
[Date "2014.03.20"]
[Round "7"]
[White "Kostitsina, Liubov"]
[Black "Tarasova, Viktoriya"]
[Result "0-1"]
[WhiteElo "2057"]
[BlackElo "2264"]
[PlyCount "108"]
[EventDate "2014.03.14"]
[EventType "swiss"]
[EventRounds "9"]
[EventCountry "RUS"]
[SourceTitle "CBM 159 Extra"]
[Source "ChessBase"]
[SourceDate "2014.04.24"]
[SourceVersion "1"]
[SourceVersionDate "2014.04.24"]
[SourceQuality "1"]

1. d4 Nf6 2. c4 e6 3. Nc3 Bb4 4. a3 Bxc3+ 5. bxc3 c5 6. e3 Nc6 7. Bd3 b6 8. Ne2 0-0 9. 0-0 Ba6 10. e4 Ne8 11. f4 f5 12. Be3 cxd4 13. cxd4 fxe4 14. Bxe4 Nd6 15. Bb1 Bxc4 16. Rf3 g6 17. Nc3 Nf5 18. Bf2 Qf6 19. Qa4 Ncxd4 20. Rh3 b5 21. Qb4 a5 22. Qb2 Ne2+ 23. Kh1 Nxf4 24. Rf3 Nd5 25. Bxf5 exf5 26. Rb1 Nxc3 27. Rxc3 Rfe8 28. Qc1 Re2 29. Be3 Qc6 30. Qg1 Qe4 31. Rd1 Re8 32. Bf2 d5 33. h4 b4 34. axb4 axb4 35. Rh3 b3 36. h5 g5 37. Rg3 h6 38. Rd4 Qe6 39. Rd1 b2 40. Bd4 Re1 41. Bxb2 Rxg1+ 42. Rxg1 Qb6 43. Bc1 Qb4 44. Ba3 Qa5 45. Bb2 Re1 46. Bd4 Qd2 47. Rxe1 Qxe1+ 48. Kh2 Qe4 49. Bc5 Qh4+ 50. Rh3 Qf4+ 51. Kg1 Qf1+ 52. Kh2 Bd3 53. Rf3 Qd1 54. Rh3 Be4 0-1

[Event "Volga Region-ch (Women) 12th"]
[Site "Togliatti"]
[Date "2014.03.16"]
[Round "3"]
[White "Tukaeva, Adelya"]
[Black "Kostitsina, Liubov"]
[Result "1/2-1/2"]
[WhiteElo "1740"]
[BlackElo "2057"]
[PlyCount "89"]
[EventDate "2014.03.14"]
[EventType "swiss"]
[EventRounds "9"]
[EventCountry "RUS"]
[SourceTitle "CBM 159 Extra"]
[Source "ChessBase"]
[SourceDate "2014.04.24"]
[SourceVersion "1"]
[SourceVersionDate "2014.04.24"]
[SourceQuality "1"]

1. e4 c5 2. Nf3 d6 3. Bb5+ Nd7 4. 0-0 Ngf6 5. e5 dxe5 6. Nxe5 e6 7. d4 a6 8. Bxd7+ Bxd7 9. Qf3 cxd4 10. Qxb7 Rb8 11. Qxa6 Qc7 12. Nxd7 Ng4 13. g3 Qxd7 14. Nd2 Bc5 15. Qe2 h5 16. h3 Nf6 17. Nc4 h4 18. Bf4 Rd8 19. g4 Nd5 20. Bh2 0-0 21. Ne5 Qb7 22. Nd3 Ba7 23. a4 Rfe8 24. Qf3 Qc8 25. Rfc1 f6 26. Nf4 Nxf4 27. Qxf4 Qb7 28. Qc7 Qa6 29. b4 Bb8 30. Qa5 Bxh2+ 31. Kxh2 Qe2 32. Kg1 Qf3 33. Qb5 Qxh3 34. Qe2 d3 35. cxd3 Rxd3 36. a5 Rd4 37. Rc4 Rxc4 38. Qxc4 Qf3 39. Re1 h3 40. Qe4 h2+ 41. Kxh2 Qxf2+ 42. Kh1 Kf7 43. Qb7+ Re7 44. Qe4 Re8 45. Qb7+ 1/2-1/2

[Event "Satka Autumn op (Women)"]
[Site "Satka"]
[Date "2013.09.10"]
[Round "8"]
[White "Shaydullina, Sandugach"]
[Black "Kostitsina, Liubov"]
[Result "1-0"]
[WhiteElo "2128"]
[BlackElo "2059"]
[PlyCount "95"]
[EventDate "2013.09.03"]
[EventType "swiss"]
[EventRounds "9"]
[EventCountry "RUS"]
[SourceTitle "CBM 156 Extra"]
[Source "ChessBase"]
[SourceDate "2013.10.22"]
[SourceVersion "1"]
[SourceVersionDate "2013.10.22"]
[SourceQuality "1"]

1. d4 Nf6 2. c4 e6 3. Nc3 Bb4 4. Qc2 0-0 5. a3 Bxc3+ 6. Qxc3 Ne4 7. Qc2 f5 8. Nh3 d6 9. f3 Nf6 10. e3 e5 11. dxe5 dxe5 12. Bd2 Nc6 13. 0-0-0 Qe7 14. Bc3 a5 15. Kb1 Kh8 16. Nf2 Be6 17. Bd3 Nd7 18. e4 f4 19. Qe2 Nc5 20. Bc2 Qf7 21. Ng4 Bxc4 22. Qf2 Qe7 23. Rd5 Bxd5 24. exd5 Nd4 25. Nxe5 Nxc2 26. Qxc2 Qg5 27. Bd4 b6 28. g4 Rae8 29. h4 Qf6 30. Bxc5 Qxe5 31. Bxf8 Rxf8 32. Rd1 h6 33. Qc4 Rd8 34. Rd4 b5 35. Qd3 Kg8 36. h5 b4 37. axb4 axb4 38. Qe4 Qd6 39. Rxb4 Kh8 40. Rc4 Rb8 41. Rc6 Qf8 42. Qe5 Re8 43. Rxh6+ Kg8 44. Re6 Rd8 45. h6 gxh6 46. Re7 Rb8 47. g5 h5 48. Qe4 1-0

[Event "Satka Autumn op (Women)"]
[Site "Satka"]
[Date "2013.09.06"]
[Round "4"]
[White "Semenova, Elena"]
[Black "Kostitsina, Liubov"]
[Result "1/2-1/2"]
[WhiteElo "2186"]
[BlackElo "2059"]
[PlyCount "80"]
[EventDate "2013.09.03"]
[EventType "swiss"]
[EventRounds "9"]
[EventCountry "RUS"]
[SourceTitle "CBM 156 Extra"]
[Source "ChessBase"]
[SourceDate "2013.10.22"]
[SourceVersion "1"]
[SourceVersionDate "2013.10.22"]
[SourceQuality "1"]

1. e4 c5 2. Nf3 d6 3. d4 cxd4 4. Qxd4 a6 5. Be2 Nc6 6. Qe3 Bg4 7. 0-0 Nf6 8. c4 g6 9. Rd1 Nd7 10. Nc3 Bg7 11. Bd2 0-0 12. Rab1 Qb6 13. Qg5 Bxf3 14. Bxf3 Nde5 15. Be2 Nd4 16. Qxe7 Rae8 17. Qh4 Nxe2+ 18. Nxe2 Nxc4 19. Bc3 Qc6 20. Bxg7 Kxg7 21. Ng3 Ne5 22. Rbc1 Qb6 23. Qg5 f6 24. Qd2 Nf7 25. Qd4 Qxd4 26. Rxd4 Rc8 27. Rdc4 Rxc4 28. Rxc4 Ne5 29. Rc3 Rd8 30. Nf1 d5 31. Rc7+ Rd7 32. Rxd7+ Nxd7 33. exd5 Nb6 34. Ne3 Kf7 35. b3 Ke7 36. a4 Kd6 37. Nc4+ Kc7 38. Ne3 Kd6 39. Nc4+ Kc7 40. Ne3 Kd6 1/2-1/2

[Event "Astrakhan op"]
[Site "Astrakhan"]
[Date "2013.08.22"]
[Round "9"]
[White "Maslennikov, Anton Mikhailovic"]
[Black "Kostitsina, Liubov"]
[Result "1/2-1/2"]
[WhiteElo "2106"]
[BlackElo "2033"]
[PlyCount "89"]
[EventDate "2013.08.14"]
[EventType "swiss"]
[EventRounds "9"]
[EventCountry "RUS"]
[SourceTitle "CBM 156 Extra"]
[Source "ChessBase"]
[SourceDate "2013.10.22"]
[SourceVersion "1"]
[SourceVersionDate "2013.10.22"]
[SourceQuality "1"]

1. d4 Nf6 2. Nf3 c5 3. c3 e6 4. g3 b6 5. Bg2 Bb7 6. 0-0 Nc6 7. Re1 d5 8. Bf4 Be7 9. Nbd2 cxd4 10. cxd4 0-0 11. Rc1 Rc8 12. a3 b5 13. Nb3 Qb6 14. Ne5 a5 15. Nxc6 Rxc6 16. Rxc6 Bxc6 17. Qc2 Rc8 18. Rc1 h6 19. Nc5 b4 20. Bd2 bxa3 21. bxa3 Be8 22. Qc3 a4 23. Qc2 Qc6 24. Bb4 Nd7 25. Qd3 Qb6 26. Qc2 Nb8 27. e3 Na6 28. Qd2 Nxb4 29. Qxb4 Qxb4 30. axb4 Rb8 31. Rb1 a3 32. Bf1 Kh7 33. b5 g6 34. Ra1 Bxb5 35. Rxa3 Bxf1 36. Kxf1 Rb1+ 37. Kg2 Rc1 38. Ra7 Bxc5 39. dxc5 Kg7 40. Rc7 Rc2 41. h4 Kf6 42. c6 e5 43. Rc8 h5 44. c7 Ke7 45. Rd8 1/2-1/2

[Event "Wch U16 Girls"]
[Site "Maribor"]
[Date "2012.11.14"]
[Round "7.20"]
[White "Kostitsina, Liubov"]
[Black "Azman Hisham, Nur Nabila"]
[Result "1-0"]
[WhiteElo "2015"]
[BlackElo "1926"]
[PlyCount "79"]
[EventDate "2012.11.08"]
[EventType "swiss"]
[EventRounds "11"]
[EventCountry "SLO"]
[SourceTitle "EXT 2013"]
[Source "ChessBase"]
[SourceDate "2012.11.22"]
[SourceVersion "1"]
[SourceVersionDate "2012.11.22"]
[SourceQuality "1"]

1. e4 c5 2. Nf3 e6 3. d4 cxd4 4. Nxd4 a6 5. Bd3 Qc7 6. 0-0 Nf6 7. Qe2 Nc6 8. Nxc6 dxc6 9. e5 Nd7 10. f4 Be7 11. c3 g6 12. Nd2 b5 13. b3 Bb7 14. a4 Rd8 15. Bc2 h5 16. Ne4 h4 17. h3 g5 18. Nd6+ Bxd6 19. exd6 Qxd6 20. fxg5 Qe5 21. Qf2 Rf8 22. Bf4 Qc5 23. Be3 Qxc3 24. g6 f5 25. Bg5 Nf6 26. Rae1 Kd7 27. Bxf5 exf5 28. Qxf5+ Kc7 29. Bxf6 Rxf6 30. Qxf6 Qc5+ 31. Kh1 Bc8 32. Qe7+ Qxe7 33. Rxe7+ Kd6 34. Rh7 Rg8 35. Rf6+ Ke5 36. Rxc6 Bf5 37. Rxh4 bxa4 38. bxa4 Bxg6 39. Rg4 Kf5 40. Rxa6 1-0

[Event "Wch U16 Girls"]
[Site "Maribor"]
[Date "2012.11.09"]
[Round "2.30"]
[White "Rodsmoen, Maud"]
[Black "Kostitsina, Liubov"]
[Result "0-1"]
[WhiteElo "1747"]
[BlackElo "2015"]
[PlyCount "100"]
[EventDate "2012.11.08"]
[EventType "swiss"]
[EventRounds "11"]
[EventCountry "SLO"]
[SourceTitle "EXT 2013"]
[Source "ChessBase"]
[SourceDate "2012.11.22"]
[SourceVersion "1"]
[SourceVersionDate "2012.11.22"]
[SourceQuality "1"]

1. e4 c5 2. Nf3 e6 3. d4 cxd4 4. Nxd4 a6 5. Nc3 Qc7 6. Be2 b5 7. a3 Bb7 8. 0-0 Nf6 9. Bf3 d6 10. Re1 Nbd7 11. g3 Be7 12. Bg2 0-0 13. a4 b4 14. Na2 Nc5 15. Nxb4 Ncxe4 16. Nd3 Rfe8 17. Be3 Rac8 18. f3 Nc5 19. Nxc5 Qxc5 20. Nxe6 Qxc2 21. Nd4 Qg6 22. Bh3 Rc5 23. Ne6 fxe6 24. Bxe6+ Kf8 25. Bxc5 dxc5 26. Qb3 Bc6 27. Re3 Qh5 28. Qc3 Nd5 29. Re5 Nxc3 30. Rxh5 Ne2+ 31. Kf2 Nd4 32. Bd5 Bxd5 33. Rxd5 Rb8 34. Rb1 a5 35. Re5 Nb3 36. Rbe1 Bf6 37. R5e2 Nd4 38. Rd2 Rb3 39. Re3 Rb4 40. Ra3 Nb3 41. Rc2 c4 42. Ke3 Nc5 43. b3 cxb3 44. Rd2 b2 45. Rd1 b1Q 46. Rxb1 Rxb1 47. Kf4 Rb4+ 48. Kf5 Kf7 49. f4 h5 50. Re3 g6# 0-1

[Event "Satka Autumn op (Women)"]
[Site "Satka"]
[Date "2012.09.23"]
[Round "3"]
[White "Kostitsina, Liubov"]
[Black "Baraeva, Marina"]
[Result "0-1"]
[WhiteElo "2044"]
[BlackElo "2175"]
[PlyCount "88"]
[EventDate "2012.09.20"]
[EventType "swiss"]
[EventRounds "9"]
[EventCountry "RUS"]
[SourceTitle "CBM 150 Extra"]
[Source "ChessBase"]
[SourceDate "2012.10.19"]
[SourceVersion "1"]
[SourceVersionDate "2012.10.19"]
[SourceQuality "1"]

1. e4 e6 2. d4 d5 3. Nd2 c5 4. Ngf3 cxd4 5. exd5 Qxd5 6. Bc4 Qd6 7. 0-0 Nf6 8. Nb3 Nc6 9. Qe2 a6 10. a4 Qc7 11. Rd1 Bd6 12. Nbxd4 Nxd4 13. Rxd4 Bd7 14. Bg5 Bc6 15. h3 Bxf3 16. Qxf3 Be5 17. Rh4 h6 18. Re1 0-0 19. Bc1 Nd7 20. Bd3 f5 21. Rc4 Bh2+ 22. Kh1 Ne5 23. Qe2 Nxc4 24. Qxe6+ Kh8 25. Bxc4 Rae8 26. Qxe8 Rxe8 27. Rxe8+ Kh7 28. Bg8+ Kg6 29. Re6+ Kh5 30. Re1 Bf4 31. Bxf4 Qxf4 32. Bf7+ Kg5 33. Kg1 Qxa4 34. g3 f4 35. Bb3 Qd4 36. h4+ Kg6 37. c3 Qd2 38. h5+ Kxh5 39. Bf7+ Kg5 40. Re6 Qd1+ 41. Kh2 fxg3+ 42. fxg3 Qc2+ 43. Kg1 Qb1+ 44. Kf2 Qf5+ 0-1

[Event "EU-ch U16 Girls"]
[Site "Prague"]
[Date "2012.08.25"]
[Round "9"]
[White "Utiatskaja, Irina"]
[Black "Kostitsina, Liubov"]
[Result "1-0"]
[WhiteElo "2012"]
[BlackElo "2057"]
[PlyCount "63"]
[EventDate "2012.08.17"]
[EventType "swiss"]
[EventRounds "9"]
[EventCountry "CZE"]
[SourceTitle "CBM 150 Extra"]
[Source "ChessBase"]
[SourceDate "2012.10.19"]
[SourceVersion "1"]
[SourceVersionDate "2012.10.19"]
[SourceQuality "1"]

1. e4 c5 2. Nf3 e6 3. g3 Nf6 4. Qe2 d5 5. d3 Nc6 6. Bg2 Be7 7. 0-0 b6 8. e5 Nd7 9. c4 Nf8 10. Re1 Bb7 11. Nc3 Qd7 12. Nb5 d4 13. Bg5 f6 14. exf6 gxf6 15. Bf4 Rc8 16. Bh3 a6 17. Na3 Nd8 18. Nh4 Qc6 19. Bg2 Qd7 20. Qh5+ Nf7 21. Bxb7 Qxb7 22. Bh6 Qc6 23. Bg7 Rg8 24. Bxf8 Bxf8 25. Qxh7 Rh8 26. Qf5 Ng5 27. Qxf6 Rg8 28. Ng6 Nf3+ 29. Kf1 Nxh2+ 30. Ke2 Rc7 31. Kd1 Rf7 32. Rxe6+ 1-0

[Event "Izhevsk Corporation Cup-A 4th"]
[Site "Izhevsk"]
[Date "2012.07.18"]
[Round "4"]
[White "Kostitsina, Liubov"]
[Black "Litvinov, Maxim"]
[Result "1-0"]
[WhiteElo "2040"]
[BlackElo "1947"]
[PlyCount "101"]
[EventDate "2012.07.15"]
[EventType "swiss"]
[EventRounds "9"]
[EventCountry "RUS"]
[SourceTitle "EXT 2013"]
[Source "ChessBase"]
[SourceDate "2012.11.22"]
[SourceVersion "1"]
[SourceVersionDate "2012.11.22"]
[SourceQuality "1"]

1. e4 e5 2. Nf3 Nc6 3. Bb5 a6 4. Ba4 Nf6 5. 0-0 Be7 6. Re1 b5 7. Bb3 d6 8. c3 0-0 9. h3 Nb8 10. d4 Nbd7 11. Bc2 Bb7 12. Nbd2 Re8 13. b3 Bf8 14. d5 c6 15. c4 Rc8 16. Nf1 Qc7 17. Ne3 g6 18. a3 Bg7 19. Ra2 h6 20. Nh2 Kh7 21. Bd2 Rf8 22. Qf3 c5 23. g4 Ng8 24. Nhf1 Rb8 25. Ng3 Bc8 26. Kg2 Nb6 27. h4 Ne7 28. Ba5 Qa7 29. Bd2 Qc7 30. Bd3 Bd7 31. g5 h5 32. Nef5 Be8 33. Nxg7 Kxg7 34. Qf6+ Kh7 35. Be2 Ng8 36. Qf3 Kg7 37. Rg1 Bd7 38. Qe3 bxc4 39. bxc4 Na4 40. Kh2 Qb6 41. Bxh5 Qb3 42. Qxb3 Rxb3 43. Bd1 Rb7 44. h5 gxh5 45. Nxh5+ Kg6 46. f4 exf4 47. Nxf4+ Kg7 48. Bxa4 Bxa4 49. Bc3+ Kh7 50. Rg4 f6 51. Rh4+ 1-0

[Event "Izhevsk Corporation Cup-A 4th"]
[Site "Izhevsk"]
[Date "2012.07.16"]
[Round "2"]
[White "Kostitsina, Liubov"]
[Black "Sadykov, Ramil"]
[Result "0-1"]
[WhiteElo "2040"]
[BlackElo "2221"]
[PlyCount "102"]
[EventDate "2012.07.15"]
[EventType "swiss"]
[EventRounds "9"]
[EventCountry "RUS"]
[SourceTitle "EXT 2013"]
[Source "ChessBase"]
[SourceDate "2012.11.22"]
[SourceVersion "1"]
[SourceVersionDate "2012.11.22"]
[SourceQuality "1"]

1. e4 c5 2. Nf3 g6 3. d4 cxd4 4. Qxd4 Nf6 5. e5 Nc6 6. Qe3 Ng4 7. Qe4 Ngxe5 8. Nxe5 Qa5+ 9. Bd2 Qxe5 10. Qxe5 Nxe5 11. Bc3 f6 12. f4 Nc6 13. Bc4 Bg7 14. h4 h5 15. Nd2 e6 16. Nf3 d5 17. Bd3 Kf7 18. 0-0 Bd7 19. b4 Ne7 20. Bb2 Nf5 21. Kf2 Rhc8 22. Rfd1 Ba4 23. Rac1 Bf8 24. a3 a5 25. Bxf5 gxf5 26. bxa5 Bc5+ 27. Ke2 Bb5+ 28. Kd2 Rg8 29. Bd4 Rxg2+ 30. Kc3 Bxa3 31. Rb1 Be2 32. Rxb7+ Be7 33. Ne1 Rg3+ 34. Rd3 Bxd3 35. Nxd3 Rxa5 36. Kb2 Rg4 37. Nb4 Rxf4 38. Nc6 Rxd4 39. Rxe7+ Kf8 40. Rxe6 Rb5+ 41. Kc1 Rxh4 42. Rxf6+ Kg7 43. Rxf5 Rc5 44. Nd8 Kg6 45. Rf2 Re4 46. Nb7 Rc6 47. Nd8 Rf6 48. Rd2 d4 49. Rg2+ Rg4 50. Re2 h4 51. Ne6 h3 0-1

[Event "Privolzhskogo FO-ch (Women)"]
[Site "Togliatti"]
[Date "2012.03.27"]
[Round "8"]
[White "Timofeeva, Ekaterina"]
[Black "Kostitsina, Liubov"]
[Result "1-0"]
[WhiteElo "2268"]
[BlackElo "2069"]
[PlyCount "77"]
[EventDate "2012.03.20"]
[EventType "swiss"]
[EventRounds "9"]
[EventCountry "RUS"]
[SourceTitle "EXT 2013"]
[Source "ChessBase"]
[SourceDate "2012.11.22"]
[SourceVersion "1"]
[SourceVersionDate "2012.11.22"]
[SourceQuality "1"]

1. Nf3 Nf6 2. c4 a6 3. g3 b5 4. b3 Bb7 5. Bg2 e6 6. Nc3 b4 7. Na4 c5 8. Bb2 Be7 9. 0-0 d6 10. e3 0-0 11. d4 Nbd7 12. Qe2 Ra7 13. Rad1 Qc7 14. Ne1 Bxg2 15. Nxg2 e5 16. dxe5 dxe5 17. f4 e4 18. g4 Rd8 19. g5 Ne8 20. Qc2 Nd6 21. Rd5 f6 22. gxf6 Bxf6 23. Rfd1 Bxb2 24. Rxd6 Bd4 25. Rd5 Nf6 26. Rxd8+ Qxd8 27. exd4 cxd4 28. Qf2 Rd7 29. Nc5 Rd6 30. Nb7 e3 31. Qf3 Qa8 32. c5 Rd5 33. Nxe3 Rxc5 34. Rxd4 Rc8 35. Nd5 Rc1+ 36. Kf2 Qa7 37. Nxf6+ gxf6 38. Qd5+ Kf8 39. Kf3 1-0